000 00273nam a22001217a 4500
008 181019b xxu||||| |||| 00| 0 eng d
041 _aeng
080 _a159.9
100 _a50
101 _apsi
245 _aPsychopatology Of Childhood
_cKessler.J.W
942 _2udc
_cBK
999 _c50248
_d50248